000 00658cam a2200253 4500
008 090401t1991 xxu||||| |||| 00| 0 eng d
020 _a0442007566
035 _a(Sirsi) u65865
041 _aeng
050 _a333.70285
100 _aAntenucci, John C.
245 _aGeographic information systems: a guide to the technology.
260 _aNew York
_bVan Nostrand Reinhold
_c1991
300 _axiii,301p. : ill. ; 28cm
350 _a39
650 _aGIS
690 _aLAND SURVEYING
700 _aBrown, Kay
700 _aCroswell, Peter L.
700 _aKevany, Michael J.
700 _aArcher, Hugh
942 _n0
948 _c04/03/1997
999 _c94795
_d94795